| 000 | 01389nam a2200265 a 4500 | ||
|---|---|---|---|
| 001 | 000027617 | ||
| 003 | DO-SdBNP | ||
| 005 | 20250306100748.0 | ||
| 007 | ta | ||
| 008 | 100806s1992 dr a r 000 1 spa d | ||
| 040 |
_aDO-SdBNP _bspa _cBNPHU _erda |
||
| 082 | 4 |
_axxxx _bH765m _222 |
|
| 245 | 0 | 0 |
_aPedro Henríquez Ureña : _bHomenaje con motivo del centenario de su nacimiento. / _cEdición al cuidado, José Ramos. |
| 264 | 1 |
_aSanto Domingo : _bComisión Organizadora Permanente de la Feria Nacional del Libro, _c1992. |
|
| 300 |
_a67 páginas ; _c21 cm. |
||
| 336 |
_atexto _btxt _2rdacontent |
||
| 337 |
_asin mediación _bn _2rdamedia |
||
| 338 |
_avolumen _bnc _2rdacarrier |
||
| 500 | _aIncluye referencias bibliográficas y notas al pie de las páginas | ||
| 504 | _aBiografía : páginas 55-63 | ||
| 505 | _aPedro Henríquez Ureña/ por el sendero del bellismo / por Pedro P. Barnola -- Pedro Henríquez Ureña, Socrates del Caribe / por Luis Beltrán Guerrero -- Tradición culturista de la crítica literaria latinoamericana / por Agustín Martinez -- Andrés Bello y la independencia intelectual de la América hispana / por Pedro Henríquez Ureña -- Bibliografía de Pedro Henríquez Ureña / por Horacio Jorge Becco | ||
| 533 |
_aReproducción de la edición publicada: _aCaracas _bCasa de Bellos _c1985 |
||
| 700 |
_aRamos, José, _eeditor _4ed. _914391 |
||
| 942 |
_2ddc _cLBS1 |
||
| 999 |
_c27109 _d27109 |
||